Statistics for DNA-Lyrics

Click here to take the quiz!

General Stats

  • This quiz has been taken 62 times
  • The average score is 225 of 339

Answer Stats

% Correct
I
98%
y
84%
d-d-d-d-dna
82%
d-d-d-dna
82%
d-d-dna
82%
dna
82%
he
80%
you
80%
a
78%
and
76%
in
76%
it
76%
my
76%
when
76%
do
73%
his
73%
it's
73%
just
73%
me
73%
no
73%
what
73%
your
73%
away
71%
br-br-br-breath
71%
breath'
71%
breath
71%
can
71%
day
71%
does
71%
every
71%
feel
71%
takes
71%
that
71%
the
71%
to
71%
kiss
69%
know
69%
makes
69%
neck
69%
all
67%
already
67%
eyes
67%
heart
67%
kisses
67%
man
67%
need
67%
not
67%
can't
64%
hard
64%
he's
64%
see
64%
veins
64%
way
64%
him
62%
of
62%
so
62%
that's
62%
understand
62%
x
62%
don't
60%
expect
60%
if
60%
least
60%
loves
60%
ohh
60%
oooh
60%
or
60%
tell
60%
got
58%
I'm
58%
nothing
58%
won't
58%
wrong
58%
all
56%
color
56%
lips
56%
more
56%
question
56%
say
56%
biology
53%
face
53%
flutter
53%
scientist
53%
try
53%
again
51%
beat
51%
holding
51%
from
49%
genetics
49%
beating
47%
best
47%
future
47%
only
47%
our
47%
perfect
47%
simple
47%
connects
44%
different
44%
energy
44%
fast
44%
made
44%
natural
44%
tests
44%
days
42%
explain
42%
for
42%
how
42%
passes
42%
affected
40%
blue
40%
but
40%
covered
40%
guess
40%
have
40%
leave
40%
any
38%
fingerprints
38%
yeah
38%
arrest
36%
cardiac
36%
contaminates
33%
degree
33%
first
33%
helps
33%
science
33%
about
29%
familiar
29%
now
29%
out
29%
strain
22%
work
22%
oblivious
16%

Score Distribution

Percentile by Number Answered

Percent of People with Each Score

Your Score History

You have not taken this quiz